Datum a čas kvízu
29
Celkem bodů
Celkový počet nahraných bodů na tomto kvízu bez doplňovacích otázek.
14.
Pořadí na kvízu
Konečné umístění týmu na tomto kvízu.
Zaznamenané odpovědi
| # | Otázka | Odpověď | Body | Výsledky |
|---|---|---|---|---|
| 1. | V úterý jsme se dozvěděli, že... | Lidové noviny | 1 | |
| 2. | Minulý týden rozsáhlý výpadek... | CrowdStrike | 1 | |
| 3. | Jak se jmenuje slavný americký... | Travis Scott | 1 | |
| 4. | Česká obchodní inspekce minulý... | Penny Market | 1 | |
| 5. | U jednoho umělého jezera byla... | u Mostu | 1 | |
| 6. | Na hudební téma Přátelství z m... | v 18. století | 0 | |
| 7. | Jak zní název československého... | Přátelé Zeleného údolí | 0 | |
| 8. | Zprovoznění sociální sítě Face... | B | 1 | |
| 9. | Kterým slovem na F označují če... | frazém | 0 | |
| 10. | Huckleberry Finn je jednou ze... | Mark Twain, Dobrodružství Toma Sawyera | 1 |